000 00751nam a22002417a 4500
003 DO-SdBNP
005 20240530073926.0
007 ta
008 220128b2019 dr ||||| |||| 00| 0 spa d
020 _a9789945169829
040 _aDO-SdBNP
_bspa
_cBNPHU
082 4 _aRD863.44
_bM492s
_222
100 1 _aMedrano, Néstor
_981165
245 1 0 _aSotanas en el lodo :
_bnovela /
_cNéstor Medrano.
260 _aSanto Domingo :
_bBúho,
_c2019.
300 _a175 p. ;
_c23 cm.
500 _aIncluye datos biográficos del autor en la solapa de la cubierta
590 _aInventariado, 2022 /LP
650 1 0 _aNovela dominicana
_9223
650 1 4 _aLiteratura dominicana
910 _aLopérez./Validado. Control de calidad MFF
942 _2ddc
_cLBS1
999 _c51256
_d51256